000 006230000a22002290004500
003 LK-CoMWRAF
005 20231020150144.0
008 230817t2004 ||||| |||| 00| 0 eng d
020 _a0753817527
040 _aLK-CoMWRAF
_dLK-CoMWRAF
_eLK-CoMWRAF
041 _aeng
082 _a297.72
_bLEW
100 _aLewis, Bernard
245 _aThe Crisis of Islam :
_bHoly war and unholy terror
260 _aLondon :
_bPhoenix,
_c2004
300 _a262p
650 _aJihad
650 _aTerrorism -- Religious aspects -- Islam
650 _aWar -- Religious aspects -- Islam
650 _aIslam and politics
942 _cBK
999 _c898
_d898